| 000 | 00310 a2200133 4500 | ||
|---|---|---|---|
| 003 | Nust | ||
| 005 | 20170207154019.0 | ||
| 040 | _cNust | ||
| 082 | _a005.134 | ||
| 245 |
_aMicrosoft Visual FoxPro 6.0 Programmer's Guide-(EBOOK) _cMicrosoft |
||
| 300 | _avarious | ||
| 650 | _aMicrosoft Visual FoxPro | ||
| 651 | _aEBOOK | ||
| 942 |
_2ddc _cBK |
||
| 999 |
_c191596 _d191596 |
||